| 000 | 01167nmc a2200409 a 4500 | ||
|---|---|---|---|
| 003 | AR-BaBNM | ||
| 005 | 20251128204547.0 | ||
| 008 | 276019s1974 ||||||||||||||000 | spa|| | ||
| 040 | _cAR-BaBNM | ||
| 100 | 1 | _aBenson, Oliver | |
| 245 | 1 | 0 | _aEl laboratorio de la ciencia política |
| 260 |
_aBuenos Aires _bAmorrortu _c1974 |
||
| 300 | 0 |
_a401 p. _bgráfs., tablas, diagr. |
|
| 490 | 0 | _aBiblioteca de ciencia política y relaciones internacionales | |
| 500 | 0 | _aApéndices en p. 245-397 | |
| 504 | _aBibliografía en p. 247-250 | ||
| 650 | 4 | _aPOLITICA | |
| 650 | 4 | _aCIENCIA | |
| 650 | 4 | _aMATEMATICAS APLICADAS | |
| 650 | 4 | _aAPLICACIONES DE LAS COMPUTADORAS | |
| 650 | 4 | _aANALISIS CUANTITATIVO | |
| 650 | 4 | _aGRAFICOS | |
| 650 | 4 | _aDIAGRAMAS | |
| 650 | 4 | _aPROCESAMIENTO DE DATOS | |
| 650 | 4 | _aESTADISTICA | |
| 650 | 4 | _aENCUESTAS | |
| 650 | 4 | _aCUESTIONARIOS | |
| 650 | 4 | _aINVESTIGACION | |
| 650 | 4 | _aINDICES | |
| 650 | 4 | _aANALISIS DE CONTENIDO | |
| 650 | 4 | _aTEORIA DEL CONTROL | |
| 650 | 4 | _aVIDA POLITICA | |
| 700 | 1 |
_aKitaigorodzki, Mauricio _etraductor |
|
| 800 | 1 |
_aKvaternik, Eugenio _edirector |
|
| 942 | _cBK | ||
| 998 | _cEnrique | ||
| 999 |
_c7927 _d7927 |
||